000 00943nam a22002297a 4500
001 47319
003 BD-RjUL
005 20211209054308.0
008 160808s2010 bg ||||| |||| 00| 0 ben d
020 _a9840748254
_c: TK 100.00
035 _a(BD-RjUL)47438
040 _aBD-RjUL
_bben
_cBD-RjUL
041 _aben
082 _223
_bMOM 2010
100 _aমোস্তফা, এস.এম. মাসউদ
_9144013
245 1 0 _aময়মনসিংহ অঞ্চলের কোচ আদিবাসী :
_bজীবন ও সংস্কৃতি /
_cএস.এম. মাসউদ মোস্তফা
260 _aঢাকা :
_bবাংলা একাডেমী,
_c২০১০
300 _a[১০], ৯৪ পৃ. :
_bচিত্র ;
_c২১ সেমি.
650 _aআদিবাসী
_zবাংলাদেশ
_9142929
650 _aTribal People
_zBangladesh
_9144014
942 _2ddc
_cBK
999 _c47319
_d47319